000
00277nam a2200121Ia 4500
008
151213s9999 xx 000 0 und d
245
_a
Mathematics
260
_a
California
_b
Mc Graw Hill
_c
-
300
_a
2073 p.
650
_a
Mathematic
650
_a
Mathematic
999
_c
1524
_d
1524